000 01239cam a2200325 a 4500
001 3561626
003 OSt
005 20211221095638.0
008 980708s1999 enkab b 001 0 eng
010 _a 98034506
020 _a0631211136 (hardcover)
020 _a0631211144 (pbk.)
040 _aDLC
_cHU
_dDLC
_dDLC
043 _an-us---
050 0 0 _aGE195
_b.B464 1999
082 0 0 _a363.7/05/09
_221
100 1 _aBenton-Short, Lisa.
_923734
245 1 0 _aEnvironmental discourse and practice /
_cLisa M. Benton and John Rennie Short.
260 _aOxford ;
_aMalden, Mass. :
_bBlackwell,
_c1999.
300 _aix, 219 p. :
_bill., maps ;
_c26 cm.
504 _aIncludes bibliographical references and index.
650 0 _aEnvironmentalism
_xHistory.
_923735
650 0 _aEnvironmentalism
_zUnited States
_xHistory.
_923736
650 0 _aEnvironmental management
_xSocial aspects.
_923737
700 1 _aShort, John R.
_923738
906 _a7
_bcbc
_corignew
_d1
_eocip
_f19
_gy-gencatlg
942 _2ddc
_cBOOKS
_n0
999 _c23062
_d23062